=LDR 00000nam 2200000 4500 =001 INLIS000000000050299 =005 20170427101315 =035 ##$$a 0010-0417000114 =007 ta =008 170427###########################0###### =020 ##$$a 978 - 979 - 002 - 490 - 8 =082 ##$$a 620 =084 ##$$a 620 PAI m =100 #$$a Paimin, Farry B. =245 1#$$a Mesin tetas /$c Farry B.Paimin =250 ##$$a Cet.1 =260 ##$$a Jakarta :$b Penebar Swadaya,$c 2014 =300 ##$$a iv, 164 hlm : $b Ilus ; $c 23 cm =650 ##$$a MESIN TETAS =990 ##$$a 74777477 =990 ##$$a 74777477 =990 ##$$a 31700079 =990 ##$$a 02201707477 =990 ##$$a 31700080 =990 ##$$a 31700079